Pesticide Chemistry and Its Uses in Pakistan (Record no. 564975)
[ view plain ]
| 000 -LEADER | |
|---|---|
| fixed length control field | 00384nam a2200133Ia 4500 |
| 008 - FIXED-LENGTH DATA ELEMENTS--GENERAL INFORMATION | |
| fixed length control field | 210430s9999 xx 000 0 und d |
| 020 ## - INTERNATIONAL STANDARD BOOK NUMBER | |
| International Standard Book Number | 978-969-417-172-2 |
| 082 ## - DEWEY DECIMAL CLASSIFICATION NUMBER | |
| Classification number | 632.95 K451 P |
| 100 ## - MAIN ENTRY--PERSONAL NAME | |
| Personal name | Dr.Iqtidar Ahmad Khalil |
| 245 ## - TITLE STATEMENT | |
| Title | Pesticide Chemistry and Its Uses in Pakistan |
| Statement of responsibility, etc. | Dr.Iqtidar Ahmad Khalil |
| 260 ## - PUBLICATION, DISTRIBUTION, ETC. | |
| Place of publication, distribution, etc. | SCME |
| Name of publisher, distributor, etc. | Islamabad |
| Date of publication, distribution, etc. | 2011 |
| 300 ## - PHYSICAL DESCRIPTION | |
| Extent | 246 P |
| 942 ## - ADDED ENTRY ELEMENTS (KOHA) | |
| Koha item type | Book |
| Source of classification or shelving scheme | |
| Withdrawn status | Lost status | Damaged status | Not for loan | Collection code | Permanent Location | Current Location | Shelving location | Date acquired | Total Checkouts | Full call number | Barcode | Date last seen | Price effective from | Koha item type |
|---|---|---|---|---|---|---|---|---|---|---|---|---|---|---|
| School of Chemical & Materials Engineering (SCME) | School of Chemical & Materials Engineering (SCME) | General Stacks | 632.95 K451 P | SCME-4260 | 04/30/2021 | 04/30/2021 | Book |
